L'anello di re Salomone /

Gardado en:
Detalles Bibliográficos
Autor Principal: Lorenz, Konrad (Author)
Formato: Libro
Idioma:Lingua italiana
Publicado: Milano : Bompiani, 1985
Edición:7. ed
Series:Tascabili Bompiani ; 248
Tags: Engadir etiqueta
Sen Etiquetas, Sexa o primeiro en etiquetar este rexistro!

MARC

LEADER 00000nam a22000007i 4500
001 IT\ICCU\AQ1\0002617
003 ItRI
005 20260115232318.0
008 930918s1985 it |||||| ||||| |||||c
040 |b ita  |c importazione bologna sebina 
041 7 |a ita  |2 ISO-639-2 
100 1 |a Lorenz, Konrad  |0 IT\ICCU\CFIV\002818  |4 aut 
240 1 0 |a Er redete mit dem Vieh, den Vögeln und den Fischen  |3 IT\ICCU\CFI\0773541  |9 Lorenz, Konrad 
245 1 2 |a L'anello di re Salomone /  |c Konrad Lorenz. 
250 |a 7. ed 
260 |a Milano :  |b Bompiani,  |c 1985 
300 |a 274, IX p. ;  |c 19 cm 
500 |a Traduzione di Laura Schwarz 
777 1 |w IT\ICCU\LO1\0046153  |t Storie di cani  |a Lorenz, Konrad  |0 IT\ICCU\CFIV\002818 
790 1 |a Lorenz, Konrad Zacharias  |3 IT\ICCU\CFIV\265569  |z Lorenz, Konrad 
830 0 |a Tascabili Bompiani ;  |v 248  |0 IT\ICCU\CFI\0000031 
942 |2 ddc  |c BK  |n 0 
952 |0 0  |1 0  |4 0  |6 DOC_591_500000000000000_LOR  |7 0  |9 23994  |a BO  |b BO  |d 2026-01-15  |i 6108  |l 0  |o DOC 591.5 LOR  |p BO6108  |r 2026-01-15 23:23:18  |w 2026-01-15  |x [Sebina 5] [1 v.]  |y BK  |z 1 v. 
999 |c 20431  |d 20431